000 00690nam0a22002411 4500
001 rc\4949019
005 20260407003812.0
021 _aRU
_bРг6710-60
035 _a(NLR Aleph) 008857008
090 _a8436948
_c8436948
100 _a20130426d1960 |||y0rusy50 ca
101 0 _arus
102 _aRU
105 _ay z |||||
200 1 _aУстав Общества "СССР - Великобритания"
210 _aБ. м.
_cБ. и.
_d[1960]
215 _a15 с.
_d11
710 0 2 _a"СССР-Великобритания", о-во
_3RU\NLR\AUTH\889994517
_9485769
801 0 _aRU
_bNLR
_gpsbo
801 1 _aRU
_bELAR
_2rusmarc
852 _aNLR
_j60-1/885
942 _cBOOK
980 _aNB